Influence of copper, iron and manganese on the developments of coldstorage defects of butter. (Record no. 22204)

MARC details
000 -LEADER
fixed length control field 00334nam a2200109Ia 4500
082 ## - DEWEY DECIMAL CLASSIFICATION NUMBER
Classification number 637.2
Item number MEN
100 ## - MAIN ENTRY--AUTHOR NAME
Personal name MENGER, J W
245 #0 - TITLE STATEMENT
Title Influence of copper, iron and manganese on the developments of coldstorage defects of butter.
260 ## - PUBLICATION, DISTRIBUTION, ETC. (IMPRINT)
Place of publication Wageningen
Name of publisher Veenman
Year of publication 1961
942 ## - ADDED ENTRY ELEMENTS (KOHA)
Koha item type Books
Holdings
Withdrawn status Lost status Damaged status Not for loan Home library Current library Date acquired Source of acquisition Full call number Accession Number Koha item type
        RRII Library RRII Library 16/12/2021 Auction 637.2 MEN 02925 Books